Score 0/50 Timer 07:00
3 Plays Today
Hint Answer % Correct
Flag ColorRed
97.7%
Flag ColorGreen
95.1%
Largest Ethnic GroupArab-Berber
88.8%
Internet Country Code.ma
86.5%
Official LanguageArabic
85.9%
Largest ReligionSunni Islam
83.8%
Bordering OceanAtlantic Ocean
83.6%
Age of Suffrage18
83.2%
Drives on the...Right
83.1%
Bordering CountryAlgeria
82.9%
Most Popular SportFootball (Soccer)
82.9%
CapitalRabat
82.7%
Largest CityCasablanca
82.5%
Recognized LanguageFrench
80.8%
DemonymMoroccan
77.6%
Emblem on FlagStar
75.1%
Bordering SeaMediterranean Sea
74.7%
Independence FromFrance
74.6%
Southern DesertSahara Desert
74.3%
Bordering CountrySpain (Ceuta and Melilla)
69.2%
Official NameKingdom of Morocco
64.4%
Northern Strait with SpainStrait of Gibraltar
62%
De facto Bordering CountryMauritania
60.2%
Claimed AreaWestern Sahara
59.5%
Number of Regions12
58.6%
Hint Answer % Correct
Third Largest CityFes
57.7%
Official LanguageBerber
52.9%
Fourth Largest CityMarrakesh
52.2%
Central Mountain RangeAtlas Mountains
51.7%
Islands off of west coast (part of Spain)Canary Islands
48%
Year of last election2011
42.1%
Year of Independence1956
41.5%
Monarch Since (Year)1999
37.4%
MonarchMohammed VI
35.4%
Fifth Largest CityTangier
34.9%
CurrencyDirham
30.5%
Previous MonarchHassan II
22.5%
Number of Prefectures and Provinces75
22.5%
Lower House nameHouse of Representatives
20.9%
Prime MinisterSaadeddine Othmani
19.3%
Reason for electionArab Spring
19.1%
Upper House nameHouse of Councillors
16.8%
Motto (in English)God, Homeland, King
15.5%
Northern Mountain RangeRif Mountains
13%
Highest Point (4,167 m)Toubkal
10.5%
Current Dynasty Founded1666
9.3%
National DayNovember 18
8.9%
Demonstration that Led to Its AnnexationGreen March
8.3%
Oldest University in the WorldUniversity of al-Qarawiyyin
5.4%
Lowest Point (-55 m)Sebkha Tah
4.9%
Remove Ads.
Support Sporcle.
Get the best of Sporcle when you Go Orange. This ad-free experience offers more features, more stats, and more fun while also helping to support Sporcle. Thank you for becoming a member.

You're not logged in!

Compare scores with friends on all Sporcle quizzes.
OR
Log In

Show Comments

Extras

Top Quizzes Today


Score Distribution

Your Account Isn't Verified!

In order to create a playlist on Sporcle, you need to verify the email address you used during registration. Go to your Sporcle Settings to finish the process.

Report this User

Report this user for behavior that violates our Community Guidelines.

Details: